• 首页
  • 本馆介绍
  • 公告通知
  • 最新文献
  • 馆藏检索
  • 电子资源
  • 读者导购
  • 参考咨询
  • 我的图书馆
  • 登录
  • 详细信息显示
  • 放入我的书架
  • 预约/预借图书
  • 作者相关作品
  • 分类相关作品
  • 丛书相关作品
  • 出版社相关作品

书目信息

  • 表格格式
  • 工作单格式
  • 卡片格式
题名:
美国核力量与核战略
    
 
作者: 王仲春 , 夏立平 著
分册:  
出版信息: 北京   国防大学出版社  1995
页数: 291页
开本: 19cm
丛书名: 现代美军研究丛书
单 册:
中图分类: E861 , E712.5
科图分类: 36.35637
主题词: 核战略--概况--美国 , 核武器--概况--美国
电子资源:
ISBN: 7-5626-0639-0
000 00856nnam 2200289 45
001 0196014836
005 20070721090846.76
010    @a7-5626-0639-0@dCNY9.50
100    @a19950705d1995 em y0chiy0121 ea
101 0  @achi
102    @aCN@b110000
105    @ay z 000yy
200 10 @a美国核力量与核战略@AMEI GUO HE LI LIANG YU HE ZHAN LUE@f王仲春,夏立平著@FWANG ZHONG CHUN , XIA LI PING ZHU
210    @a北京@c国防大学出版社@d1995
215    @a291页@d19cm
225 2  @a现代美军研究丛书
410  0 @120010@a现代美军研究丛书
540 1  @a核力量 核战略@AHE LI LIANG HE ZHAN LUE
606    @a核战略@x概况@y美国
606    @a核武器@x概况@y美国
690    @aE861
690    @aE712.5
692    @a36.35637
701  0 @a王仲春@AWANG ZHONG CHUN@4著
701  0 @a夏立平@AXIA LI PING@4著
801  0 @aCN@bTSSF@c20070721
905    @a10447@dE861@e6
    
    美国核力量与核战略/王仲春,夏立平著.-北京:国防大学出版社,1995
    291页;19cm.-(现代美军研究丛书)
    
    
    ISBN 7-5626-0639-0:CNY9.50
    
●
相关链接 在E读中查询图书 在五车中查询图书 在当当中查询图书 在豆瓣中查询图书


正题名:美国核力量与核战略     索取号:E861/6         预约/预借

序号 登录号 条形码 馆藏地/架位号 状态 备注
1 0768263   207682630   第一样本阅览室/ [索取号:E861/6] 在馆    
唐山师范学院图书馆 欢迎您!
大连网信软件有限公司© 版权所有